| 000 | 00671nam a22001932 4500 | ||
|---|---|---|---|
| 001 | 0000025298 | ||
| 005 | 20151217161600.0 | ||
| 008 | 150610s xx 000 0 eng d | ||
| 040 |
_aKABU _cKABU |
||
| 100 | 1 |
_aMusani, Witness M. _@0000185847 |
|
| 245 | 1 | 0 |
_aAnalysis of factors that hinder growth of venture capital market in Kenya : _ba case of Nairobi County / _cby Witness Makana Musani. |
| 260 |
_aNakuru : _bKabarak University, _c2014. |
||
| 300 | _ax, [48 p]. | ||
| 650 | 0 |
_aVenture capital. _@0000148284 |
|
| 650 | 0 |
_aSmall and medium enterprises. _@0000185848 |
|
| 908 | _a150610 | ||
| 950 | _@1 | ||
| 999 |
_c15451 _d15451 |
||